Ασκήσεις μαθηματικών

Αποθηκεύτηκε σε:
Λεπτομέρειες βιβλιογραφικής εγγραφής
Κύριος συγγραφέας: Παναγάκης, Κωνσταντίνος Γ.
Μορφή: Βιβλίο
Γλώσσα:Greek
Δημοσίευση: Αθήναι : Μ. Πεχλιβανίδης & Σία, [19--]
Θέματα:
Ετικέτες: Προσθήκη ετικέτας
Δεν υπάρχουν, Καταχωρήστε ετικέτα πρώτοι!

MARC

LEADER 00000cam a2200000 a 4500
001 1/107971
008 150818q19uu####gr | ||| |||| ||gre||
040 |a GR-MyUa  |b gre  |c GR-MyUa  |e AACR2 
041 0 |a gre 
082 7 |a 515.63   |2 (23) 
100 1 |a Παναγάκης, Κωνσταντίνος Γ. 
245 1 0 |a Ασκήσεις μαθηματικών /   |c Κων. Γ. Παναγάκη. 
260 |a Αθήναι :   |b Μ. Πεχλιβανίδης & Σία,   |c [19--] 
300 |a 144 σ. :   |b πίν., σχέδια ;   |c 25 εκ.  
500 |a Δια τούς μαθητάς της μέσης παιδείας και τους υποψηφίους των ανωτάτων σχολών. 
505 8 |a τ.5. Διανυσματικός λογισμός. 
505 8 |a Περιέχονται αι λύσεις όλων των ασκήσεων του τεύχους 5 των στοιχείων μαθηματικών : "Διανυσματικός λογισμός - Αναλυτική γεωμετρία - Μητραί". 
650 0 |a Vector analysis. 
650 0 |a Calculus. 
852 |a INST  |b SAMOS  |c MAG  |e 20150818  |h 515.63 ΠΑΝ  |p 005300035197  |q 005300035197  |t BK  |y 0 
970 |a Σιτζίμη  |b Γιασεμή  |z 18/08/2015